Trapped in tar : fossils from the Ice Age /

Text and photographs examine the work of scientists studying the fossil remains of prehistoric animals found in the La Brea tar pits.

Bibliographic Details
Main Author: Arnold, Caroline
Other Authors: Hewett, Richard
Format: Book
Language:English
Published: New York : Clarion Books, [1987]
Subjects:

MARC

Tag First Indicator Second Indicator Subfields
LEADER 00000cam a2200000 a 4500
001 in00000018602
005 20151007053305.0
008 860702s1987 nyu j 00110 eng
010 |a  86017614  
020 |a 089919415X :  |c $12.95 
035 |a (OCoLC)13903899 
035 |9 AAB1102AM 
040 |a DLC  |c DLC  |d TXA  |d UtOrBLW 
043 |a n-us-ca 
049 |a [Curr Col] TXAM  |c [A11058893] 
050 0 0 |a QE841  |b .A74 1987 
082 0 |a 566/.09794/94  |2 19 
100 1 |a Arnold, Caroline. 
245 1 0 |a Trapped in tar :  |b fossils from the Ice Age /  |c by Caroline Arnold ; photographs by Richard Hewett. 
264 1 |a New York :  |b Clarion Books,  |c [1987] 
264 4 |c ©1987 
300 |a 57 pages ;  |c 27 cm. 
336 |a text  |b txt  |2 rdacontent 
337 |a unmediated  |b n  |2 rdamedia 
338 |a volume  |b nc  |2 rdacarrier 
500 |a Includes index. 
520 |a Text and photographs examine the work of scientists studying the fossil remains of prehistoric animals found in the La Brea tar pits. 
650 0 |a Vertebrates, Fossil  |x Juvenile literature. 
650 0 |a Paleontology  |y Pleistocene  |x Juvenile literature. 
650 0 |a Paleontology  |z California  |z La Brea Pits  |x Juvenile literature. 
650 1 |a Paleontology  |z California  |z La Brea Pits. 
650 1 |a Fossils. 
651 1 |a La Brea Pits (Calif.) 
650 1 |a Mammals, Fossil. 
650 1 |a Prehistoric animals. 
700 1 |a Hewett, Richard. 
999 |a MARS 
999 f f |s c7dd693f-5713-3440-86ee-3f8e9761c7c4  |i 49262c7e-1eea-37c1-8adf-25601df94abc  |t 0 
952 f f |p normal  |a Texas A&M University  |b College Station  |c Sterling C. Evans Library  |d Evans: Curriculum Collection (4th floor)  |t 0  |e QE841 .A74 1987  |h Library of Congress classification  |i unmediated -- volume  |m A14811058893 
998 f f |a QE841 .A74 1987  |t 0  |l Evans: Curriculum Collection (4th floor)